000 00391cam a2200157ua 4500
041 _aeng
_h
082 _a658
_bROB/ EN
100 _aRobertson, Struan A .
245 _aEngineering management /
_cStruan A Robertson.
_hTextual Documents
250 _a2 /
_b.
260 _aLondon :
_bBlackie & Son Ltd ,
_c1961.
300 _a467 ; .
504 _a
942 _cBK
999 _c2202
_d2202